[Event "17th Capechecs Matches 2019"]
[Site "Cap d'Agde"]
[Date "2019.10.31"]
[Round "1.6"]
[White "Sarana, Alexey"]
[Black "Nihal Sarin"]
[Result "1/2-1/2"]
[WhiteElo "2655"]
[BlackElo "2610"]
[Annotator "TA"]
[PlyCount "89"]
[EventDate "2019.10.16"]
[EventType "match"]
[EventCountry "FRA"]
[SourceTitle "playchess.com"]
[Source "ChessBase"]
[SourceQuality "1"]

{[%evp 11,88,31,40,36,35,29,50,15,15,8,15,15,15,15,12,12,19,0,0,0,0,-17,0,0,10,0,25,36,24,0,0,0,0,0,0,0,0,0,0,0,0,4,68,0,201,217,167,151,356,297,362,327,1286,437,1051,131,120,0,0,0,0,0,12827,11565,6898,6199,12829,12830,12830,12831,12824,12831,12831,0,0,0,0,0,0]} 1. e4 c5 2. Nf3 e6 3. d4 cxd4 4. Nxd4 Nc6 5. Nc3 Qc7 6. Be3 a6 7. Qf3 {B48: Sicilian: Taimanov: 5 Nc3 Qc7 6 Be3 a6 without Be2} Bd6 (7... Ne5 8. Qg3 h5 9. Bg5 f6 10. Bf4 Ne7 11. O-O-O Kf7 12. Bxe5 Qxe5 13. f4 h4 14. Qe3 Qc7 {1-0 (35) Ding,L (2811)-Shankland,S (2705) chess.com INT 2019}) 8. O-O-O Be5 9. Nxc6 {White is slightly better.} bxc6 10. Bd4 Nf6 11. Bxe5 Qxe5 12. Qg3 Qxg3 13. hxg3 d5 14. Bd3 Ke7 15. f3 $146 h6 16. Na4 Rd8 17. Rhe1 Rb8 (17... a5 {is interesting.} 18. c3 Ba6 19. Bxa6 Rxa6 20. Nc5 Raa8) 18. c4 (18. Nc5 {feels hotter.} a5 19. g4 Ra8 20. b3 Kd6 21. Na4) 18... dxe4 19. Bxe4 Rxd1+ 20. Rxd1 Nxe4 21. fxe4 $11 {[%mdl 4096] Endgame KRB-KRN} e5 (21... Rb4 $5 22. b3 $8 e5 $11) 22. Nc5 a5 23. Kc2 Be6 24. Kc3 h5 25. a3 Rh8 26. Nxe6 fxe6 {KR-KR} (26... Kxe6 $11 27. c5 Ke7) 27. c5 ({Better is} 27. b4 $14) 27... Rh6 $2 {[#]} (27... a4 $11) 28. b4 $1 $18 axb4+ 29. Kxb4 Rg6 $2 (29... Rh8 $16) 30. Rd3 Rg4 31. Re3 g5 $2 (31... Kd7 32. Ka5 Kc7) 32. a4 (32. Ka5 $142 h4 33. a4 hxg3 34. Kb6) 32... h4 (32... Kd8 $142 33. Ka5 Kc7) 33. gxh4 $2 (33. Ka5 $18 {and White stays clearly on top.} hxg3 34. Kb6) 33... gxh4 $16 34. Re2 {And now Ka5 would win.} Kd7 35. a5 {[%cal Ba4a5,Ba5a6,Ba6a7][%mdl 32]} Kc7 36. a6 {aiming for Rb2.} Rg3 $2 {[%mdl 8192]} (36... Rf4 $11) 37. Rf2 $18 Kb8 38. Ka5 Rb3 39. Rf8+ Ka7 40. Rf7+ Ka8 {[#]} 41. a7 $1 h3 42. gxh3 $2 (42. Ka6 $18 {Threatening mate with Rf8+.} Ra3+ 43. Kb6 Rb3+ 44. Kxc6 hxg2 45. Rg7) 42... Rb5+ $11 {The position is equal.} 43. Ka6 Ra5+ $1 44. Kb6 Ra6+ $1 45. Kxa6 {Accuracy: White = 70%, Black = 45%.} 1/2-1/2

[Event "17th Capechecs Matches 2019"]
[Site "Cap d'Agde"]
[Date "2019.11.01"]
[Round "2.1"]
[White "Amin, Bassem"]
[Black "Sarana, Alexey"]
[Result "0-1"]
[WhiteElo "2699"]
[BlackElo "2655"]
[Annotator "TA"]
[PlyCount "155"]
[EventDate "2019.10.16"]
[EventType "match"]
[EventCountry "FRA"]
[SourceTitle "playchess.com"]
[Source "ChessBase"]
[SourceQuality "1"]

{[%evp 9,155,15,23,19,25,20,12,16,23,24,18,20,44,18,33,31,50,41,77,54,70,48,55,37,37,43,42,45,41,68,48,50,63,0,97,92,113,113,113,113,113,113,113,113,121,113,114,65,50,45,50,50,52,50,72,52,72,46,46,45,111,112,120,31,61,26,33,33,85,95,75,67,86,67,67,68,68,31,31,22,30,30,30,30,31,0,31,0,31,12,12,12,12,14,14,15,86,0,86,86,68,0,0,0,0,0,0,0,0,0,0,0,0,0,0,0,0,0,0,0,0,-8,-8,-8,-8,-433,-8,-8,0,-5945,-5338,-29973,-29974,-29973,-29975,-29975,-29977,-29977,-29978,-29978,-29979,-29979,-29980,-29982,-29983,-29982,-29983,-29982]} 1. e4 c5 2. Nf3 d6 3. Bb5+ Nd7 4. c3 ({Predecessor:} 4. Ba4 Ngf6 5. O-O e6 6. Re1 Be7 7. c3 a6 8. d4 b5 9. Bc2 {1-0 (40) Antipov,M (2589)-Steinberg,N (2532) St Petersburg 2018}) 4... Ngf6 5. Bd3 $146 (5. Qe2 a6 6. Ba4 b5 7. Bc2 Bb7 8. d4 g6 9. O-O Bg7 10. e5 dxe5 11. dxe5 Bxf3 12. gxf3 Nd5 13. e6 N7f6 14. c4 bxc4 15. exf7+ Kxf7 {0-1 (31) Mamedov,R (2701)-Nepomniachtchi,I (2771) Astana 2019}) 5... e6 6. O-O {B51: Sicilian: Moscow Variation (3 Bb5+) without 3...Bd7} a6 7. Bc2 b5 8. d4 {The position is equal.} Bb7 9. Re1 Be7 10. Nbd2 {[%cal Bb1d2,Bd2e4,Be4d6][%mdl 32]} Rc8 11. e5 dxe5 12. dxe5 Nd5 $1 13. Ne4 Qc7 14. Bg5 O-O 15. Bxe7 Nxe7 16. Nd6 Bxf3 $1 17. Qd3 {[%csl Gc2][%cal Rd3h7]} Ng6 $1 18. Nxc8 ({Don't play} 18. gxf3 Ndxe5 19. Rxe5 Rfd8 $15) 18... Ndxe5 19. Rxe5 Rxc8 20. Rg5 $36 {[%mdl 2048] White has some pressure.} Bd5 21. a4 (21. Qd2 $14) 21... Qf4 (21... f5 $1 $11) 22. Rg3 $16 bxa4 23. Qxa6 ({But not} 23. Bxa4 $6 c4 $14) 23... Rb8 24. Bxg6 ({Not} 24. Bxa4 Rxb2 25. f3 (25. Qc8+ $2 Nf8 $19) 25... Qb8 $15) 24... hxg6 25. Qxa4 Qxa4 26. Rxa4 Rxb2 {[%cal Rb2b1][%mdl 4096] Endgame KRR-KRB} 27. h3 c4 28. Rb4 Rc2 29. Rb8+ Kh7 30. Rg4 {[%cal Rg4h4]} g5 31. Rxg5 Rc1+ 32. Kh2 Rc2 33. f3 g6 34. Rc8 Kh6 ({Black should try} 34... Kg7 $14) 35. h4 Rxc3 36. Rg4 (36. Rc7 $16) 36... Rc2 37. Kg3 Re2 38. Rd4 Kg7 (38... Rb2 $14) 39. Rc7 Ra2 40. Rd1 Ra8 41. Rd2 Kf6 42. Kf2 Rh8 43. Rd4 Ke5 44. Ke3 Ra8 45. Rd2 Ra3+ 46. Kf2 f5 47. Kg3 Rb3 48. Rc8 Ra3 49. Re2+ Kd4 50. Kf4 c3 51. Kg5 Kd3 52. Rf2 Ra4 (52... Ra1 $11 {remains equal.}) 53. g3 (53. f4 $1 $16) 53... Ra1 (53... e5 $11) 54. Kxg6 Rg1 55. h5 ({Better is} 55. Kf6 $1 $14) 55... Rxg3+ $11 {[%mdl 64] Double Attack} 56. Kf6 {And now Rh2 would win.} Rh3 57. Kg5 Rg3+ 58. Kh4 Rg1 59. h6 {aiming for Rh2.} Rh1+ 60. Kg5 {Hoping for Rc7.} Rg1+ 61. Kf6 Rh1 62. Kg7 Rg1+ 63. Kh8 Bb3 64. Rg8 Rh1 65. h7 c2 {[#]} 66. Rxc2 $1 {[%mdl 512]} Bxc2 {KRB-KR} 67. Rg2 $2 {[%mdl 8192] [#]} (67. Kg7 $11) 67... Bd1 $2 ({Black should play} 67... e5 $1 $19 {Threatens to win with ...f4.} 68. Kg7 Bd1) 68. f4 Ke3 {White must now prevent ...Bg4.} 69. Kg7 $2 {[%mdl 8192]} (69. Rg1 $11 Rxg1) 69... Kxf4 70. Rg6 {[#]} Rxh7+ $1 {Black mates.} 71. Kxh7 {KR-KB} e5 72. Rg1 Bg4 73. Kg6 e4 74. Rf1+ Kg3 75. Kf6 e3 76. Ke5 e2 77. Rh1 Kg2 78. Ra1 {Accuracy: White = 59%, Black = 54%.} 0-1

[Event "17th Capechecs Matches 2019"]
[Site "Cap d'Agde"]
[Date "2019.11.01"]
[Round "2.2"]
[White "Sarana, Alexey"]
[Black "Amin, Bassem"]
[Result "1-0"]
[WhiteElo "2655"]
[BlackElo "2699"]
[Annotator "TA"]
[PlyCount "59"]
[EventDate "2019.10.16"]
[EventType "match"]
[EventCountry "FRA"]
[SourceTitle "playchess.com"]
[Source "ChessBase"]
[SourceQuality "1"]

{[%evp 14,59,64,37,52,27,35,18,21,19,19,16,35,11,19,0,102,105,104,69,69,62,65,69,120,73,91,71,80,90,131,131,126,98,94,0,362,363,358,364,347,132,139,135,29988,29988,29989,29989]} 1. e4 e5 2. Nf3 Nc6 3. Nc3 g6 4. d4 exd4 5. Nxd4 Bg7 6. Nxc6 bxc6 7. Bc4 Ne7 8. O-O (8. Bg5 {with more complications.} d6 9. Qd2 Be6 10. Bb3 O-O 11. O-O) 8... O-O {C46: 3 Nc3: Unusual Black 3rd moves} 9. Qd3 (9. Bg5 d6 10. Qd2 Be6 11. Bb3 Qd7 12. Rfe1 Rfe8 13. Ba4 f6 14. Be3 Nc8 15. Qd3 Nb6 16. Bb3 c5 17. Bxe6+ Qxe6 {½-½ (41) Ganguly,S (2615)-Mamedyarov,S (2757) Doha 2014}) 9... d6 10. Bg5 h6 $146 {The position is equal.} ({Predecessor:} 10... Kh8 11. Rfe1 h6 12. Bf4 g5 13. Be3 Ng6 14. Qd2 Ne5 15. Be2 Qf6 {0-1 (30) Nilsson,C (1931)-Olesen,P (2005) Walbrzych 2018}) 11. Be3 g5 12. f4 gxf4 13. Bxf4 Ng6 14. Ne2 {[%cal Bc3e2,Be2d4,Bd4f3][%mdl 32]} Ne5 (14... Bxb2 $11 {remains equal.} 15. Bxh6 Bxa1 16. Rxa1 Qh4 17. Bxf8 Ne5) 15. Bxe5 $1 $16 Bxe5 16. Rf2 $36 {[%mdl 2048] White is more active.} Qh4 17. g3 Qg5 18. Nd4 Kh8 ({Black should try} 18... Bxd4 $14 19. Qxd4 Bh3) 19. Nf3 ({Weaker is} 19. Rxf7 Rxf7 20. Bxf7 Qg7 $17) 19... Qg7 20. Nxe5 Qxe5 21. Raf1 {[#] Qe3 is the strong threat.} Bh3 22. Qe3 Qg5 23. Qc3+ Qe5 {Hoping for ...Qxc3.} 24. Qe3 (24. Qd2 $16 Qg5 25. Qc3+ Qe5 26. Qxe5+ dxe5 27. Rd1) 24... Kg7 $2 {[%mdl 8192]} ({Much worse is} 24... Bxf1 $6 25. Qxh6+ Kg8 26. Kxf1 $16) (24... Qg5 $1 $11 25. Qd4+ Qe5 26. Qxe5+ dxe5) 25. Rxf7+ $18 Rxf7 26. Rxf7+ Kg6 {...d5 would now be nice for Black.} 27. Rf2 $2 (27. Rxc7 $18 {and the rest is easy. Threatens to win with Bf7+.} Rf8 28. c3) 27... Qxb2 $16 28. Qf4 {White threatens Qf7+ and mate.} Qe5 $2 {[%mdl 8192] [#]} (28... Kh7 $16) 29. Qf7+ {[%mdl 64] Double Attack} Kg5 30. Bf1 {Accuracy: White = 55%, Black = 53%.} 1-0